000 00387 a2200121 4500
082 _a297.124
100 _aKhan, Ahmad Yaar
245 _aAmrat-ul-Manajeeh (Vol VII)
_cAhmad Yaar Khan
_h[Urdu]
260 _aLahore:
_b Zia-ul-Quran Publications,
_c1959.
300 _a624 p. ;
_c25 cm
650 _a1.Quran (Surahs) -- Commentaries. 2.Quran -- Translations into Urdu
942 _cBK
_k297.124 KHA
999 _c7199
_d7199